Adivina el equipo (MUY DIFÍCIL) - Estadísticas

Estadísticas generales
  • Esta prueba ha sido intentada 190 veces
  • La puntuación promedio es 5 de 8
Estadísticas de respuestas
Imagen Respuesta % Correcto
Levante
92%
Gremio
86%
Dinamo Zagreb
81%
Sunderland
75%
Atlético Mineiro
69%
Al-Ittihad
68%
Amorebieta
56%
Mansfield Town
16%
No se encontraron pruebas coincidentes
Distribución de puntuación
Porcentaje de gente con cada puntuación
Porcentaje por número respondido
Historial de tus puntuaciones
No has intentado esta prueba.